000 00481cam a2200205ua 4500
001 8747
005 20260515114355.0
008 150213n ii |||gr||||Z||||||eng
020 _a8175810173
040 _cMAIN
041 _aeng
082 _a822.33
100 _aLall,R.,
_eAuthor.
245 1 _aWilliam shakespeare the tragedy of Hamlet
_cBy Ramji Lall
250 _a9th.
260 _aNew Delhi:
_bRama,
_c1996.
300 _a608p.
653 _aEnglish drama
942 _cBK
999 _c7838
_d7838